Essai sur l'histoire de la formation et des progrès du tiers état suivi de fragments du recueil des monuments inédits de cette histoire

Saved in:
Bibliografiske detaljer
Hovedforfatter: Thierry, Augustin (Author)
Format: Bog
Sprog:fransk
Udgivet: París Librairie de Firmin-Didot et Cie. 1883
Udgivelse:1a. ed
Fag:
Tags: Tilføj Tag
Ingen Tags, Vær først til at tagge denne postø!

MARC

LEADER 00000cam a2200000 a 4500
001 UCD8376
003 CL-VaPUC
008 170512e18830000fr |||||||||||||||||fre|d
082 0 4 |a 944.041  |b THI  |2 21 
100 0 |a Thierry, Augustin  |e author  |9 592050 
245 1 0 |a Essai sur l'histoire de la formation et des progrès du tiers état suivi de fragments du recueil des monuments inédits de cette histoire 
250 |a 1a. ed 
300 |a 558 p 
942 |c BK 
945 |d 20170512 22:27:00  |a dcastane 
260 |a París  |b Librairie de Firmin-Didot et Cie.  |c 1883 
650 0 |a Historia de Francia  |9 336927 
650 7 |a HISTORIA DE FRANCIA SIGLO 18  |2 CL-VaPUC  |9 345414 
650 0 |a Historia constitucional  |9 256052 
583 |a last modification  |c 20170512 22:27:00  |k Rodrigo Vera 
999 |c 367912  |d 367910 
952 |0 0  |1 0  |2 ddc  |3 erd  |4 0  |5 1  |6 944_041000000000000_THI_1883  |7 1  |8 C_LRYV  |9 483087  |a FDOBRV  |b BIBDER  |i 5375088  |o 944.041 THI 1883  |p 5375088  |r 2023-01-25  |w 2019-11-24  |y BK_X  |z Catalogado en:20170512  |k BRV